| 000 | 00984nam a22002775i 4500 | ||
|---|---|---|---|
| 001 | 173742 | ||
| 003 | ES-MaACL | ||
| 005 | 20230906215330.0 | ||
| 008 | 100114s2009 sp |||| | spa d | ||
| 020 | _a978-84-9899-105-5 | ||
| 080 | _a316.343.2-058.14(084) | ||
| 245 | 0 | 0 |
_aTrabajando / _cW. Eugene Smith, Henri Cartier-Bresson, Steve McCuryy, David Seymour ; [redacción, Vicente Ponce, Joan Soriano]. |
| 260 |
_a[Madrid] : _bPúblico, _c2009. |
||
| 300 |
_a[32] p. : _bprincipalmente fot. col. y n. ; _c27 cm. |
||
| 490 | 1 |
_aMaestros de la fotografía ; _v6 |
|
| 650 | 4 |
_aTrabajadores- _vObras ilustradas. _9173419 |
|
| 700 | 1 |
_aSmith, W. Eugene. _9141942 |
|
| 700 | 1 |
_aCartier-Bresson, Henri. _935901 |
|
| 700 | 1 |
_aMcCurry, Steve. _9141932 |
|
| 700 | 1 |
_aSeymour, David. _9141928 |
|
| 700 | 1 |
_aPonce, Vicente. _9173428 |
|
| 700 | 1 |
_aSoriano, Joan. _9173429 |
|
| 830 | 1 |
_aMaestros de la fotografía ; _v6 _9189242 |
|
| 852 |
_aES-MaACL _j2284-F-6 |
||
| 999 |
_c173742 _d173742 |
||